Manual de laboralidad: programa de implementación de sistema de buenas prácticas en salud ocupacional para empresas productoras - exportadoras de uva de mesa de exportación de las provincias de San Felipe y los Andes

Sábháilte in:
Sonraí bibleagrafaíochta
Údair chorparáideacha: Federación de Productores de Frutas de Chile (Údar), Fedefruta (Údar)
Formáid: LEABHAR
Teanga:Spáinnis
Foilsithe / Cruthaithe: Valparaíso Federación de Productores de Frutas de Chile 2015
Eagrán:1a. ed
Ábhair:
Clibeanna: Cuir clib leis
Níl clibeanna ann, Bí ar an gcéad duine le clib a chur leis an taifead seo!

MARC

LEADER 00000cam a2200000 a 4500
001 UCC3080
003 CL-VaPUC
008 180413e20150000cl |||||||||||||||||spa|d
082 0 4 |a 634.8  |b FED  |2 21 
110 2 |a Federación de Productores de Frutas de Chile  |e author  |9 597136 
710 2 |a Fedefruta  |e author  |9 597137 
245 1 0 |a Manual de laboralidad: programa de implementación de sistema de buenas prácticas en salud ocupacional para empresas productoras - exportadoras de uva de mesa de exportación de las provincias de San Felipe y los Andes 
250 |a 1a. ed 
300 |a 67 p 
942 |c BK 
945 |d 20180413 15:45:00  |a arojas 
260 |a Valparaíso  |b Federación de Productores de Frutas de Chile  |c 2015 
650 7 |a SALUD OCUPACIONAL  |2 CL-VaPUC  |9 557968 
650 0 |a Viñedos  |9 389603 
650 0 |a Viticultura  |9 301210 
651 0 |a San Felipe  |9 265146 
651 0 |a Los Andes  |9 359419 
583 |a last modification  |c 20180413 15:45:00  |k Rodrigo Vera 
999 |c 370935  |d 370933 
952 |0 0  |1 0  |3 erb  |4 0  |6 634_800000000000000_FED_2015  |7 0  |8 A  |9 487721  |a BIBAGR  |b BIBAGR  |i 5462479  |o 634.8 FED 2015  |p 5462479  |r 2025-01-20  |w 2019-11-24  |y BK  |z Catalogado en:20180413  |k AGR 
952 |0 0  |1 0  |3 erb  |4 0  |6 634_800000000000000_FED_2015  |7 0  |8 A  |9 487722  |a BIBAGR  |b BIBAGR  |i 5462487  |o 634.8 FED 2015  |p 5462487  |r 2025-01-20  |w 2019-11-24  |y BK  |z Catalogado en:20180413  |k AGR 
952 |0 0  |1 0  |3 erb  |4 0  |6 634_800000000000000_FED_2015  |7 0  |8 A  |9 487723  |a BIBAGR  |b BIBAGR  |i 5462495  |l 1  |o 634.8 FED 2015  |p 5462495  |r 2025-01-20  |s 2024-11-04  |w 2019-11-24  |y BK  |z Catalogado en:20180413  |k AGR